000 00283nam a22001337a 4500
003 SGT
020 _a9789383064656
082 _a320
_bA16T
100 _aTHAROOR, SHASHI
245 _a AN ERA OF DARKNESS
260 _b ALEPH BOOK COMPANY
_c2016
300 _a333
942 _2ddc
_cBK
999 _c31932
_d31932